Biblioteca

Introducción hermenéutica al Antiguo Testamento (Registro nro. 44778)

Detalles MARC
000 -LÍDER
Campo fijo de descripción fija 02124aam a2200481 i 4500
001 - NÚMERO DE CONTROL
Campo de control 768714001
003 - IDENTIFICADOR DEL NÚMERO DE CONTROL
Campo de control CO-MdFUSB
005 - FECHA Y HORA DE LA ULTIMA TRANSACCIÓN
control field 20190425073235.0
007 - CAMPO FIJO DE DESCRIPCIÓN FIJA--INFORMACIÓN GENERAL
Campo fijo de descripción fija ta
007 - CAMPO FIJO DE DESCRIPCIÓN FIJA--INFORMACIÓN GENERAL
Campo fijo de descripción fija cr an|ancaa
008 - ELEMENTOS DE LONGITUD FIJA -- INFORMACIÓN GENERAL
Campo fijo de descripción fija -- Información general 190425b ||||| |||| 00| 0 eng d
020 ## - NÚMERO INTERNACIONAL NORMALIZADO PARA LIBROS
Número Internacional Normalizado del libro 9788499452920
Información adicional Libro físico.
020 ## - NÚMERO INTERNACIONAL NORMALIZADO PARA LIBROS
Número Internacional Normalizado del libro 9788499454665
Información adicional Libro electrónico.
040 ## - FUENTE DE CATALOGACIÓN
Agencia de catalogación original CO-MdFUSB
Idioma de catalogación spa
Agencia que realiza la transcripción CO-MdFUSB
Agencia que realiza la modificación CO-MdFUSBC
Convenciones de la descripción rda
041 ## - CÓDIGO DE IDIOMA
Código de idioma para texto/pista de sonido o título separado spa
082 04 - NÚMERO DE CLASIFICACIÓN DECIMAL DEWEY
Número de clasificación 221.7
Número de la edición del Dewey 22
Clave de autor-Numero de item A5528i
100 1# - ASIENTO PRINCIPAL--NOMBRE PERSONAL
Nombre personal Andiñach, Pablo R.
Término relacionador autor.
245 00 - TÍTULO
Título del Material Introducción hermenéutica al Antiguo Testamento
Mención de responsabilidad, etc. / Pablo R, Andiñach
Medio físico [Libro físico y electrónico].
264 #1 - PRODUCCIÓN, PUBLICACIÓN, DISTRIBUCIÓN, MANUFACTURA, Y COPYRIGHT
Lugar de producción, publicación, distribución, manufactura Estella : Navarra :
Nombre del productor, publicador, distribuidor Verbo Divino,
Fecha de producción, publicación, distribución, manufactura, o copyright [2012]
264 #4 - PRODUCCIÓN, PUBLICACIÓN, DISTRIBUCIÓN, MANUFACTURA, Y COPYRIGHT
Fecha de producción, publicación, distribución, manufactura, o copyright ©2012
300 ## - DESCRIPCIÓN FÍSICA
Extensión 587 páginas.
Dimensiones ; 22 cm.
Tipo de unidad 1 recurso en línea [588 páginas].
336 ## - TIPO DE CONTENIDO
Fuente rdacontent
Término de tipo de contenido texto
Código de tipo de contenido txt
337 ## - TIPO DE MEDIO
Fuente rdamedia
Nombre del tipo de medio sin mediación
Código del tipo de medio n
337 ## - TIPO DE MEDIO
Fuente rdamedia
Nombre del tipo de medio informático
Código del tipo de medio c
338 ## - TIPO DE SOPORTE
Fuente rdacarrier
Nombre del tipo de soporte volumen
Código Tipo de soporte nc
338 ## - TIPO DE SOPORTE
Fuente rdacarrier
Nombre del tipo de soporte remoto
Código Tipo de soporte cr
490 1# - MENCIÓN DE SERIE
Mención de serie Estudios Bíblicos
500 ## - NOTA GENERAL
Nota General Biblioteca tiene libro en formato físico y electrónico.
501 ## - NOTA DE “CON”
Nota de Contenido Rústico
504 ## - NOTA DE BIBLIOGRAFÍA, ETC.
Nota de bibliografía, etc incluye referencias bibliográficas e índice.
505 00 - NOTA DE CONTENIDO
Nota de contenido con formato preestablecido La perspectiva hermenéutica -- Antiguo Testamento o Biblia hebrea -- el pentateuco -- Las dos historias de Israel -- libros proféticos -- el libro de los doce profetas -- Libros sapiensales -- libros apócrifos y deuterocanónicos -- Adiciones a los libros protocanónicos: Daniel y Ester -- Salmo 151 -- oración de Manasés
516 ## - NOTA DE TIPO DE ARCHIVO O DATOS DE COMPUTADOR
Nota de tipo de archivo o datos de computador Texto electrónico.
538 ## - NOTA DE DETALLES DEL SISTEMA
Nota de detalles del sistema Acceso a Internet; requiere usuario y clave asignada por la biblioteca<br/>
563 ## - NOTA DE ENCUADERNACIÓN
Nota de encuadernación Rústico
630 07 - TITULO UNIFORME
Título uniforme Biblia
Subdivisión de materia general Crítica, interpretación, etc.
630 07 - TITULO UNIFORME
Título uniforme Biblia.
Nombre de parte o sección de la obra Apócrifos
630 07 - TITULO UNIFORME
Título uniforme Biblia.
Nombre de parte o sección de la obra Antiguo Testamento
Subdivisión de forma Introducciones.
653 ## - TÉRMINO DE INDIZACIÓN - NO CONTROLADO
Término no controlado Hermenéutica bíblica.
830 ## - PUNTO DE ACCESO ADICIONAL DE SERIE - TÍTULO UNIFORME
Título uniforme Estudios Bíblicos
856 ## - LOCALIZACIÓN Y ACCESO ELECTRÓNICOS
Identificador Uniforme del Recurso <a href="https://ebookcentral.proquest.com/lib/unisbcsp/detail.action?docID=3212453">https://ebookcentral.proquest.com/lib/unisbcsp/detail.action?docID=3212453</a>
Nota dirigida al público <a href="Abrir versión electrónica del libro: Introducción hermenéutica al Antiguo Testamento.">Abrir versión electrónica del libro: Introducción hermenéutica al Antiguo Testamento.</a>
942 ## - TIPO DE MATERIAL (KOHA)
Tipo de Item KOHA Libros General
Existencias
Estado de Material Estado de Perdido Forma de Clasificación Estado de Dañado No para Préstamo Colección Tomo Biblioteca de Origen Biblioteca Permanente Fecha de Adquisición Total de Préstamos Total de Renovaciones Signatura Topográfica Código de Barras Última vez visto Última vez Préstado Ejemplar/Existencia Costo, Precio de Remplazo Fecha de Remplazo Tipo de Material Ubicación en Estantería Forma de Adquisición Url Nota Pública
    Dewey Decimal Classification     Colección General   Biblioteca FUSBC Biblioteca FUSBC 23/05/2014 46 16 G 221.7 A5528i 18218 14/03/2026 24/02/2026 Ej. 1 142400.00 26/01/2016 Libros General        
    Dewey Decimal Classification     Colección Libros Electrónicos   Biblioteca FUSBC Biblioteca FUSBC 25/04/2019       ID3212453 25/04/2019   Ej. 1     Libro electrónico Libro electrónico Compra https://ebookcentral.proquest.com/lib/unisbcsp/detail.action?docID=3212453 LIBRO ELECTRÓNICO - Seguir link de acceso.

Biblioteca FUSBC | Teléfono: (57+4) 349 88 10 Ext. 141| WhatsApp (+57) 3005338115 
E-mail: biblioteca@unisbc.edu.co | Calle 76 87-14 Robledo Palenque, Medellín, Colombia

Con tecnología Koha